| 000 | 00924nam a22002537a 4500 | ||
|---|---|---|---|
| 001 | 3522 | ||
| 003 | FISKH | ||
| 005 | 20240315144516.0 | ||
| 008 | 240315b cb ||||| |||| 00| 0 eng d | ||
| 040 |
_aFISK _beng _cFISK _dFISK |
||
| 050 | _aPZ7.L88638 | ||
| 082 | _a813.6 | ||
| 100 |
_aLorey Dean _d1967- |
||
| 245 |
_aNightmare academy / _bWhen monsters frighten us, we fright back, _cDean Lorey |
||
| 260 |
_aNew York : _bScholastic, _c2009 |
||
| 300 |
_a308 pages : _c20 cm |
||
| 490 |
_3Monster Hunters _aBook 1 |
||
| 505 | _aM | ||
| 520 | _aRescued from a very sheltered life, thirteen-year-old Charlie learns that the monsters of his nightmares are real when he becomes a student at Nightmare Academy and begins training to harness his powers to fight terrible creatures and return them to the Netherworld. | ||
| 521 | 8 |
_a760 _bLexile |
|
| 700 | _aDean Lorey | ||
| 942 |
_2ddc _cBK _n0 |
||
| 999 |
_c3522 _d3522 |
||